000 02113cam a2200457Ii 4500
001 sjds902910
003 sjds
005 20200627201947.0
008 160226s2015 tnua b 000 1 spa d
020 _a9780829701463
020 _a082970146X
035 _a(OCoLC)941174439
_z(OCoLC)913335993
035 _a(OCoLC)ocn941174439
035 _a838206
040 _aJOV
_beng
_cJOV
_erda
_dJOV
_dMCT
_dBDX
_dZPP
_dSAP
_dOCLCF
_dBTCTA
_dAZT
_dNYP
_dOCL
_dIFA
041 0 _aspa
_aeng
049 _aIFAA
099 _f2015
100 1 _aCala, Ismael,
_eauthor.
245 1 0 _aSer como el bambu =
_bBe like the bamboo /
_cIsmael Cala ; ilustrado por / illustrated by Yunior Suarez.
246 3 1 _aBe like the bamboo
260 _aNashville, Tennesse :
_bHarperCollins Espanol,
_c[2015]
264 1 _aNashville, Tennesse :
_bHarperCollins Espanol,
_c[2015]
300 _a1 volume (unpaged) :
_bcolor illustrations ;
_c21 x 21 cm
336 _atext
_btxt
_2rdacontent
337 _aunmediated
_bn
_2rdamedia
338 _avolume
_bnc
_2rdacarrier
520 _aAdorablemente ilustrado, este libro ensena a los ninos sobre las muchas propiedades del bambu en una tierna y dulce historia. Una buena manera para que padres e hijos convivan a la vez que fomentan el habito de la lectura con un valioso y entretenido mensaje. Este libro permite que los ninos aprendan jugando.
520 _a"I want to be tall, strong and flexible like the bamboo!", Baby Panda says to his mom. A bilingual book Spanish-English, beautifully illustrated, for children to learn the value of patience. --Page 4 of cover.
546 _aText in Spanish and English.
650 0 _aPandas
_vJuvenile fiction.
650 0 _aBamboo
_vJuvenile fiction.
650 0 _aPatience
_vJuvenile fiction.
650 7 _aPandas
_vNovela juvenil.
_2bidex
650 7 _aBambu
_vNovela juvenil.
_2bidex
650 7 _aPaciencia
_vNovela juvenil.
_2bidex
650 0 _aSpanish language materials
_xBilingual
_vJuvenile literature.
650 7 _aMateriales bilingues en espanol
_vLiteratura juvenil.
_2bidex
700 1 _aSuarez, Yunior,
_eillustrator.
942 _cBK
999 _c16468
_d16468